000 00618nam a22001817a 4500
999 _c186257
_d186257
005 20220218165541.0
010 _aENG-131688
020 _a9789390869183
_c280.00
035 _aEN-115220
037 _bDBAD
082 _a305.42
100 _aNarain, Kshipra Bhandari
245 _aBeing Me...:
_bA Woman In Progress 24x7/
_cKshipra Bhandari Narain
260 _aPune
_bVishwakarma Publications
_c2021
270 _a34A/1, Suyog Center, 7th Floor, Gultekadi Marketyard Road, Giridhar Bhavan Chowk
_bPune
_e411037
_minfo@vpindia.co.in
300 _a215p.
_c22cm(pbk)
942 _2ddc
_cEN
_h305.42
_mNAR